000 00770nam a2200265 i 4500
001 18877
003 ES-MaACL
005 20230906151938.0
007 t|
008 020204s2001 sp |||| | spa j
020 _a84-01-37734-X
080 _a821.111-992"19"
080 _a916.891
100 1 _aLessing, Doris May.
_971850
245 1 0 _aRisa africana /
_cDoris Lessing ; prólogo de la autora ; traducción de Marta Pessarrodona.
250 _a1ª ed.
260 _aBarcelona :
_bPlaza & Janés,
_c2001.
300 _a399 p ;
_c23 cm.
490 1 _aMujeres viajeras
651 4 _aZimbabwe-
_xDescripción.
_99558
700 1 _aPessarrodona, Marta.
_991447
830 0 _aMujeres viajeras
_9228837
852 _aES-MaACL
_jL-25359
999 _c18877
_d18877